Biblioteca y Centro de Documentación

Convergencia económica y desigualdad (Registro nro. 47111)

Detalles MARC
000 -CABECERA
Longitud fija campo de control 01133naa a2200313 c 4500
001 - NÚMERO DE CONTROL
Número de control 47111
003 - IDENTIFICADOR DE NÚMERO DE CONTROL
Identificador del número de control ES-MaCES
005 - FECHA Y HORA DE LA ÚLTIMA TRANSACCIÓN
Fecha y hora de la última transacción 20160219122423.0
008 - CAMPO FIJO DE DESCRIPCIÓN FIJA--INFORMACIÓN GENERAL
Códigos de información de longitud fija   160219s2016 sp ||||| t||||||| ||spa d
040 ## - FUENTE DE CATALOGACIÓN
Centro catalogador de origen ES-MaCES
Lengua de catalogación spa
Centro transcriptor ES-MaCES
Centro modificado ES-MaCES
100 1# - ENCABEZAMIENTO PRINCIPAL--NOMBRE PERSONAL
9 (RLIN) 21501
Nombre de persona Pulido, Antonio
245 10 - MENCIÓN DE TÍTULO
Título Convergencia económica y desigualdad
Resto del título : pasado, presente y futuro
Mención de responsabilidad, etc. Antonio Pulido
500 ## - NOTA GENERAL
Nota general Resumen
504 ## - NOTA DE BIBLIOGRAFÍA, ETC.
Nota de bibliografía, etc. Bibliografía: p. 55-56
650 #4 - ASIENTO SECUNDARIO DE MATERIA--TÉRMINO DE MATERIA
9 (RLIN) 30771
Término de materia o nombre geográfico como elemento inicial convergencia
650 #4 - ASIENTO SECUNDARIO DE MATERIA--TÉRMINO DE MATERIA
9 (RLIN) 27962
Término de materia o nombre geográfico como elemento inicial integración económica
650 #4 - ASIENTO SECUNDARIO DE MATERIA--TÉRMINO DE MATERIA
9 (RLIN) 27094
Término de materia o nombre geográfico como elemento inicial crecimiento económico
650 #4 - ASIENTO SECUNDARIO DE MATERIA--TÉRMINO DE MATERIA
9 (RLIN) 29369
Término de materia o nombre geográfico como elemento inicial producto interior bruto
650 #4 - ASIENTO SECUNDARIO DE MATERIA--TÉRMINO DE MATERIA
9 (RLIN) 27283
Término de materia o nombre geográfico como elemento inicial integración social
650 #4 - ASIENTO SECUNDARIO DE MATERIA--TÉRMINO DE MATERIA
9 (RLIN) 29849
Término de materia o nombre geográfico como elemento inicial economía del bienestar
650 #4 - ASIENTO SECUNDARIO DE MATERIA--TÉRMINO DE MATERIA
9 (RLIN) 30469
Término de materia o nombre geográfico como elemento inicial condiciones sociales
650 #4 - ASIENTO SECUNDARIO DE MATERIA--TÉRMINO DE MATERIA
9 (RLIN) 30789
Término de materia o nombre geográfico como elemento inicial desigualdad social
650 #4 - ASIENTO SECUNDARIO DE MATERIA--TÉRMINO DE MATERIA
9 (RLIN) 27109
Término de materia o nombre geográfico como elemento inicial distribución del ingreso
650 #4 - ASIENTO SECUNDARIO DE MATERIA--TÉRMINO DE MATERIA
9 (RLIN) 27112
Término de materia o nombre geográfico como elemento inicial pobreza
653 10 - TÉRMINO DE INDEXACIÓN--NO CONTROLADO
Término no controlado Condiciones económicas
773 0# - ENTRADA DE DOCUMENTO FUENTE
Itemnumber del ítem fuente 84021
Lugar, editor y fecha de publicación Madrid (Fuencarral, 127, 28010) Fundación Sistema
Otro identificador del documento 086923
Título Sistema
Número de control del registro relacionado (ES-MaCES)25730
Parte(s) relacionada(s) n. 241 (en. 2016) {10278 R. 086923} ;p. 35-56
902 ## - CES. TIPO DE DOCUMENTO
Tipodoc (006$c Sirtex) ART Artículo de revista
942 ## - ELEMENTOS KOHA
Fuente de clasificaión o esquema Clasificación propia del CES
Koha [por defecto] tipo de item Artículos (1982-2017)
Parte de clasificación Economía

No hay ítems disponibles.

© CES, Consejo Económico y Social de España 2021